000
00340 a2200169 4500
001
189065
020
_a
978-85-377-1300-6
040
_c
Magnum
100
_a
Novais, Vera
240
1
0
_a
Química 1
_l
por
245
1
0
_a
Química 1
300
_a
96
362
0
_a
2010
440
1
_a
Escala Educacional
697
_a
QUÍMICA
942
_c
BK
999
_c
189065
_d
189065